Central Library OPAC University of Rajshahi

علمائے سلف و نابینا علماء /// ulama salf wa Nabiena ulama / (Record no. 80295)

MARC details
000 -LEADER
fixed length control field 00748naa a2200205 a 4500
001 - CONTROL NUMBER
control field 80295
003 - CONTROL NUMBER IDENTIFIER
rucl marc code BD-RjUL
005 - DATE AND TIME OF LATEST TRANSACTION
control field 20220904121706.0
008 - FIXED-LENGTH DATA ELEMENTS--GENERAL INFORMATION
fixed length control field 220904s1959 p ||||| |||| 00| 0 u d
035 ## - SYSTEM CONTROL NUMBER
System control number (BD-RjUL) 80295
040 ## - CATALOGING SOURCE
Original cataloging agency BD-RjUL
Language of cataloging eng
Transcribing agency BD-RjUL
041 ## - LANGUAGE CODE
Language code of text/sound track or separate title urd
082 ## - DEWEY DECIMAL CLASSIFICATION NUMBER
Edition number 23
Classification number 297
Author mark and year SHU 1959
100 1# - MAIN ENTRY--PERSONAL NAME
Personal name Shirwani, Muhammad Habib-ur-Rehman Khan ;; شروانی, محمد حبيب الرحمن خان
9 (RLIN) 4623
245 10 - TITLE STATEMENT
Title علمائے سلف و نابینا علماء /// ulama salf wa Nabiena ulama /
Statement of responsibility, etc. Muhammad Habib Rahman Khan Sherwani //// محمد حبيب الرحمن خان شروانی
260 ## - PUBLICATION, DISTRIBUTION, ETC. (IMPRINT)
Place of publication, distribution, etc. Lahore :
Name of publisher, distributor, etc. Sazzad pab ,
Date of publication, distribution, etc. 1959
300 ## - PHYSICAL DESCRIPTION
Pagination 132,+31 p. ;
Size 22 cm
650 ## - SUBJECT ADDED ENTRY--TOPICAL TERM
Topical term or geographic name as entry element Islam
942 ## - ADDED ENTRY ELEMENTS (KOHA)
Source of classification or shelving scheme Dewey Decimal Classification
Koha item type Books
Holdings
Lost status Source of classification or shelving scheme Damaged status Not for loan Collection code Permanent Location Current Location Shelving location Date acquired Source of acquisition Cost, normal purchase price Total Checkouts Full call number Date last seen Copy number Koha item type
  Dewey Decimal Classification   Not For Loan Non-fiction Central Library, University of Rajshahi Central Library, University of Rajshahi Reading Room 18/10/1973 Quan manjil, Rajshahi 2.00   U 297 SHU 1959 04/09/2022 C-1 Books